Quizzes
Events
Quiz Creation
Community
Videos
Private Events
Remove Ads
Sign In
Join for FREE
Feedback
Dark Mode
Quiz Categories
Sports
Geography
Music
Movies
Television
Just For Fun
Miscellaneous
History
Literature
Language
Science
Gaming
Entertainment
Religion
Holiday
For Kids
Quiz Lab
Recent
Popular Today
Quiz Kudos Today
Editor Picks
Curator Picks
Quizzes by...
Day
Popularity
Type
Ratings
Length
Year
Community
Subscriptions
Recent Discussions
Orange Saloon
Badges
Playlists
Quests
Create
Leaderboards
Showdown
Live 5
Trivia Bingo
Activity
Puzzle Library
Sporcle Events
Private Events
Virtual Trivia
Globe League
Become a Host
Pub Owners
SporcleCon
Opinionation
Our Games
Videos
Blog
Mobile Apps
Partnerships
Remove Ads and Go Orange
Feedback
Language
Vocabulary
Begins and Ends
Definition
Spanish
French
German
Italian
Chinese
Latin
Translation
Japanese
Language
Vocabulary
Begins and Ends
Definition
Spanish
French
German
Italian
Chinese
Latin
Translation
Japanese
Random Quiz
Search Sporcle
×
Quiz Lab
Quiz Lab
Language
Grab Bag
Type in answers that appear in a list
Type in answers that appear in a list
Classic
Best Score? Go Orange.
Compound Word Grab Bag Stats
Can you name the Compound Words in each category?
By
musicelf
6m
48 Questions
276 Plays
276 Plays
276 Plays
Comments
Comments
Give Quiz Kudos
Give Quiz Kudos
-
- Ratings
hide this ad
Replay
Link that replays current quiz
Next Quiz
Link to next quiz in quiz playlist
You Got
0%
They Got
Avg Score
37%
Avg Friend Score
Upgrade to see
Score Distribution
Jump to the score distribution portion of the page
Score
0/48
Timer
06:00
0
Plays Today
Category
Compound Word
% Correct
body parts
bellybutton
86.2%
body parts
eyebrow
79%
body parts
fingernail
77.5%
sports
baseball
77.5%
body parts
toenail
73.6%
sports
football
73.6%
sports
basketball
72.1%
sports
volleyball
67%
insects
butterfly
63.8%
sports
snowboard
59.1%
body parts
eyelid
56.9%
insects
ladybug
54.7%
fruits
strawberry
53.3%
foods
peanut
50.4%
people
cowboy
46.7%
fruit s
watermelon
44.9%
body parts
eyelash
44.2%
sports
softball
43.8%
foods
popcorn
42.8%
school things
homework
41.3%
insects
dragonfly
40.2%
fruits
honeydew
38%
insects
grasshopper
34.8%
people
stepmother
34.8%
Category
Compound Word
% Correct
school things
blackboard
34.1%
fruits
blueberry
33.3%
school things
chalkboard
32.2%
people
policeman
31.2%
foods
cupcake
30.1%
insects
bumblebee
28.6%
animals
anteater
26.8%
school things
hallway
26.1%
fruits
blackberry
24.6%
fruits
raspberry
22.8%
animals
jellyfish
19.9%
people
grandmother
19.6%
animals
starfish
19.6%
foods
eggplant
17%
animals
bullfrog
15.6%
school things
schoolhouse
14.1%
people
fireman
12.7%
animals
rattlesnake
12.3%
people
grandfather
11.2%
insects
inchworm
9.4%
foods
oatmeal
4%
animals
hedgehog
2.9%
school things
playground
2.5%
foods
soybean
1.1%
Quiz Playlist
Details
Report
Send in Message
Add To Playlist
Classic:
Type in answers that appear in a list
Last Updated: Feb 16, 2017
Quiz Scoreboard
CHALLENGE
Sign Up to Join the Scoreboard
Show All
Scores
Hide
Comments
May contain spoilers
Recently Published
9x9 Crossword: Cartoon Network
by jackfrog10
Miscellaneous
3m
College Basketball Coaching Resumes
by pancakes188
Sports
9m
Billboard Blitz: Fleetwood Mac
by CooCooCachoo
Music
15s
More to Explore
Quiz From the Vault
Featured Blog Post
Where Did the Easter Bunny Come From?
hide this ad
You Might Also Like...
Tags
Grab Bag Quiz
bag
Category
compound
Compound Words
help
little
Today's Top Quizzes in Language
Browse Language
hide this ad
Today's Top Quizzes in Grab Bag
Browse Grab Bag
Top Contributed Quizzes in Language
1
1-10 Letter F Words III
2
1-10 Letter G Words III
3
Alphabetize! : 'As' words
4
1-10 Letter H Words III
5
Celtic Nations in their Language
6
1-10 Letter I Words III
7
One Thing in Common: Italy
8
Order Up: Top 10 Most Native Spoken Languages
9
1-10 Letter J Words III
10
Weisst du, aus welchen Sprachen diese Wörter stammen?
Explore More
Trending Topics
Harry Potter
Kpop
Anime
NBA
Disney
Crossword
Marvel
NFL
The Office
Country
Soccer
Puzzle
Song
WWE
Pokémon
hide this ad
More By:
musicelf
Quiz
Plays
Rating
Category
Featured
Created
Common threes
1,887
3.05
Just For Fun
Feb 20, 2010
Finish the Idiom
1,834
3.20
Language
Apr 17, 2010
More famous fours
1,246
2.36
Just For Fun
Feb 26, 2010
Famous Paintings
713
2.83
Miscellaneous
Mar 19, 2010
Finish the Idioms 2
499
4.00
Language
May 6, 2010
Go to Creator's Profile
Score Distribution
Quiz Creator Spotlight
musicelf
Follow
Send a Message
Quizzes Created
-
Created Quiz Play Count
-
More By This Creator
Popular Quizzes Today
1
Find the US States - No Outlines Minefield
2
Find the Countries of Europe - No Outlines Minefield
3
The Countries of the World
4
Find the US States
5
Risky Map Clicking: Biggest States A-Z
6
US States
7
Popular People in 1961
8
Movies - When Are They Set?
More Language Quizzes
Military Homographs
Editor's Pick
Trending Quizzes
Risky Map Clicking: Least Populous States A-Z
1-10 Letter G Words
Risky Map Clicking: Next State Alphabetically
Adjectives in 80s TV Shows
Risky Map Clicking: Biggest States A-Z
Recently Updated
Leaping Animals
pecheneg
Reality TV Shows (A-Z)
bhenderson79
Rickey Henderson's Hall of Fame Teammates
pecheneg
Champions League XIs: Arsenal
pecheneg
Quick Pick: Celebrities in WWE's Hall of Fame
aduchscher
A-Z Keypad Blitz II
pecheneg
Multiple Oscar Actors
pecheneg
Mystery Phrase Blitz: Oscar 'Best Actors'
pecheneg
F. Scott Fitzgerald Novels
LTH
Pick 3 Villains
ddd62291
Trending Topics
NBA
Anime
Kpop
Crossword
Harry Potter
Disney
Marvel
Song
Puzzle
Pokémon
WWE
NFL
Soccer
The Office
Country
Your Account Isn't Verified!
In order to create a playlist on Sporcle, you need to verify the email address you used during registration. Go to your
Sporcle Settings
to finish the process.
Report this User
Report this user for behavior that violates our
Community Guidelines
.
Details:
Send Report
Go to the Sporcle.com Mobile Site →
Comments